Teilnehmer der Handball-WM 2023 - Statistiken

Allgemein
  • Dieses Quiz wurde 346 mal gespielt
  • Das Durchschnittsergebnis liegt bei 22 aus 32
Antwortstatistiken
Gruppe Kontinent Land % Korrekt
Gruppe E Europa Deutschland
99%
Gruppe C Europa Schweden
95%
Gruppe H Europa Dänemark
93%
Gruppe B Europa Frankreich
92%
Gruppe A Europa Spanien
92%
Gruppe F Europa Norwegen
91%
Gruppe C Südamerika Brasilien
86%
Gruppe F Südamerika Argentinien
85%
Gruppe B Europa Polen
82%
Gruppe G Afrika Ägypten
78%
Gruppe D Europa Portugal
78%
Gruppe F Europa Niederlande
77%
Gruppe G Europa Kroatien
75%
Gruppe G Nordamerika USA
73%
Gruppe A Südamerika Chile
69%
Gruppe E Europa Serbien
67%
Gruppe D Europa Island
65%
Gruppe H Europa Belgien
64%
Gruppe B Europa Slowenien
64%
Gruppe D Europa Ungarn
64%
Gruppe E Asien Katar
63%
Gruppe E Afrika Algerien
61%
Gruppe G Afrika Marokko
61%
Gruppe D Asien Südkorea
59%
Gruppe C Südamerika Uruguay
55%
Gruppe F Europa Nordmazedonien
51%
Gruppe H Afrika Tunesien
50%
Gruppe B Asien Saudi-Arabien
49%
Gruppe A Europa Montenegro
42%
Gruppe A Asien Iran
40%
Gruppe H Asien Bahrain
27%
Gruppe C Afrika Kap Verde
24%
Keine übereinstimmenden Quizze gefunden
Verteilung der Resultate
Anzahl Personen mit jedem Resultat
Perzentil nach korrekt beantworteten Fragen
Ihre Resultats-Entwicklung
Sie haben dieses Quiz noch nicht gespielt